Stratégie študentov na trhu práce v SR
Vnímanie vysokoškolského štúdia očami študenta Ekonomickej univerzity v Bratislave. Stratégie správania študenta na trhu práce počas štúdia. Stratégie pracovnej kariéry študentov po ukončení štúdia.
Guardado en:
| Autor principal: | |
|---|---|
| Formato: | Capítulo de libro |
| Lenguaje: | eslovaco |
| Materias: | |
| Etiquetas: |
Sin Etiquetas, Sea el primero en etiquetar este registro!
|
MARC
| LEADER | 00000naa$a2200000$$$4500 | ||
|---|---|---|---|
| 001 | 0070551 | ||
| 005 | 20240502083205.4 | ||
| 041 | 0 | |a slo | |
| 044 | |a CZ | ||
| 245 | 1 | 0 | |a Stratégie študentov na trhu práce v SR |c Oľga Plávková |
| 520 | |a Vnímanie vysokoškolského štúdia očami študenta Ekonomickej univerzity v Bratislave. Stratégie správania študenta na trhu práce počas štúdia. Stratégie pracovnej kariéry študentov po ukončení štúdia. | ||
| 610 | 2 | 0 | |a vzdelanie vysokoškolské |
| 610 | 2 | 0 | |a študenti |
| 610 | 2 | 0 | |a Ekonomická univerzita v Bratislave |
| 610 | 2 | 0 | |a motivácia |
| 610 | 2 | 0 | |a kariéra |
| 610 | 2 | 0 | |a trh práce |
| 610 | 2 | 0 | |a výskum sociologický |
| 100 | 1 | |a Plávková, Oľga | |